[Event "1st Longtou Cup Belt and Road"]
[Site "Qinhuangdao"]
[Date "2018.05.27"]
[Round "2"]
[White "Ning, Kaiyu"]
[Black "Li, Di"]
[Result "0-1"]
[WhiteElo "2222"]
[BlackElo "2452"]
[Annotator "TA"]
[PlyCount "134"]
[EventDate "2018.??.??"]
[EventCountry "CHN"]
[SourceTitle "playchess.com"]
[Source "ChessBase"]
[SourceQuality "1"]

{[%evp 16,134,-4,-25,20,21,24,-15,-12,-24,39,-4,-14,-54,40,0,0,0,-12,-12,0,0,0,-14,0,-34,-30,-37,-15,-15,-12,-12,0,0,0,-18,-9,-37,-26,-37,-25,-29,-24,-39,-57,-58,-25,-29,-16,-22,-12,-26,-8,-28,0,0,0,0,0,0,0,0,0,0,0,0,0,0,0,0,0,0,0,0,0,0,0,0,0,-98,0,0,0,-95,-8,-836,-813,-773,-661,-29962,-29963,-6966,-6966,-1725,-1075,-2525,-2251,-2252,-1893,-2057,-1505,-1279,-1478,-29956,-12849,-12823,-12825,-29991,-29992,-29992,-29993,-29993,-29982,-29982,-29983,-29983,-29984,-29984,-29985,-29989,-29986]} 1. d4 Nf6 2. Nf3 g6 3. Bf4 Bg7 4. e3 d6 5. h3 O-O 6. Be2 c5 7. c3 Qb6 8. Qc1 {A48: Königsindisch (ohne c2-c4)} cxd4 9. exd4 {LiveBook: 4 Partien} Nd5 (9... e5 $5 10. dxe5 Nd5 $11) (9... Nc6 10. O-O Re8 11. Nbd2 Qc7 12. Bh2 Bh6 13. Qd1 {0-1 (45) Riazantsev,A (2692)-Nakamura,H (2775) Dubai 2014}) 10. Bg3 {Die Stellung ist ausgeglichen.} e5 {[%cal Re5d4]} 11. dxe5 dxe5 12. O-O e4 ({Günstiger ist} 12... Nc6 $11) 13. Nfd2 $146 ({Vorgänger:} 13. Nd4 Nc6 14. Nxc6 Qxc6 15. c4 Ne7 16. Nc3 Be6 17. Qe3 Nf5 18. Qxe4 Nxg3 {0-1 (18) Espiritu,O-Barcenilla,R (2465) Greenhills 1997}) 13... f5 14. Nc4 Qf6 (14... Qc6 $1 $15 15. Ne3 Nxe3 16. Qxe3 Be6) 15. Be5 Qe6 16. Bxg7 Kxg7 17. Nba3 Nc6 18. Rd1 Nce7 19. Qd2 Qf6 20. Qd4 Be6 21. Na5 Nf4 22. Bf1 b6 23. Nb3 {[#]} Rfd8 $1 {[%mdl 512]} 24. Qxf6+ (24. Qxd8 Rxd8) 24... Kxf6 25. Nb5 Nc6 26. N3d4 Nxd4 27. Nxd4 Bd5 28. Rd2 Ne6 29. Nb5 a6 30. Nd4 Nxd4 31. Rxd4 {Droht Tad1 und aus.} Be6 32. Rad1 Rxd4 33. Rxd4 $11 {[%mdl 4096] Endspiel KTL-KTL} Ke5 34. Rb4 Rd8 {Droht stark ...Td1.} (34... Bxa2 $5 {[%cal Rb6b5]} 35. Rxb6 a5 $11) 35. Bxa6 Rd1+ 36. Kh2 Rd2 37. Rb5+ Kf4 38. Rxb6 Bxa2 39. Kg1 Rd1+ 40. Kh2 Rd2 41. Kg1 Bb1 42. Rb4 Rd1+ 43. Kh2 Rd2 44. Kg1 h5 45. Kf1 h4 46. Ke1 Rc2 $1 47. Rb6 (47. Bd3 $11 Rc1+ 48. Kd2) 47... Rc1+ {[%mdl 1024] Schwarz hat starke Kompensation.} 48. Kd2 Rc2+ 49. Ke1 {[#]} g5 $1 50. Bc8 $2 {[%mdl 8192]} (50. Rb5 $11) 50... Rc1+ $19 51. Kd2 Rf1 52. Rb5 {[%csl Gc8][%cal Rb5f5]} Rxf2+ 53. Ke1 Ke3 54. Rxf5 Rxg2 {( -> ...Ld3)} 55. Ba6 Bd3 56. Bxd3 exd3 {KT-KT} 57. Re5+ Kf4 58. Rd5 Ke4 59. Rb5 g4 60. hxg4 h3 61. Kf1 d2 {[%cal Rd2d1] Schwarz setzt Matt.} 62. Rb4+ Ke3 {[%cal Rd2d1]} 63. Rd4 Re2 {[%csl Gd2][%cal Re2e1]} 64. Kg1 Re1+ 65. Kh2 d1=Q 66. Rxd1 Rxd1 67. g5 Rd5 {Precision: Weiß = 43%, Schwarz = 69%.} 0-1

[Event "1st Longtou Cup Belt and Road"]
[Site "Qinhuangdao"]
[Date "2018.05.28"]
[Round "3"]
[White "Wang, Hao"]
[Black "Zhao, Chenxi"]
[Result "1-0"]
[WhiteElo "2710"]
[BlackElo "2300"]
[Annotator "TA"]
[PlyCount "45"]
[EventDate "2018.??.??"]
[EventCountry "CHN"]
[SourceTitle "playchess.com"]
[Source "ChessBase"]
[SourceQuality "1"]

{[%evp 15,45,69,64,36,34,61,125,121,141,108,184,167,418,406,395,407,426,445,518,233,381,356,575,351,473,466,547,546,1043,997,29988,29989]} 1. d4 Nf6 2. c4 b6 3. f3 {[%cal Bf2f3,Bf3f4,Bf4f5][%mdl 32]} Nc6 4. Nc3 Bb7 (4... e5 5. d5 Ne7 6. e4 Ng6 7. Be3 Bc5 8. Qd2 d6 9. O-O-O Bd7 10. Kb1 Bxe3 11. Qxe3 {1-0 (40) Rodshtein,M (2699)-Stupak,K (2588) Katowice 2017}) 5. d5 Ne5 6. e4 {A50: Queen's Fianchetto Defence (1 d4 Nf6 2 c4 b6)} e6 7. f4 Ng6 8. e5 Ng8 {LiveBook: 4 Games} 9. Nf3 Bb4 10. Bd3 N6e7 ({Better is} 10... Nh6 $14) 11. O-O $16 exd5 $146 {[#]} ({Predecessor:} 11... Bxc3 12. bxc3 exd5 {1-0 (33) Saric,S (2400)-Egorov,E (2358) Novi Sad 2014}) 12. f5 $1 Bxc3 (12... f6 $16 {is a better defense.}) 13. bxc3 $18 dxc4 $2 (13... f6 {was worth a try.} 14. Ng5 h5) 14. Bxc4 d5 15. Bb5+ c6 16. Bd3 f6 17. Bf4 (17. Nd4 $142) 17... c5 (17... fxe5 $142 18. Bxe5 (18. Nxe5 Nf6 $16) 18... Nf6) 18. Qe2 Qd7 $2 (18... h5 19. exf6 gxf6) 19. Rae1 O-O-O 20. exf6 gxf6 {[#]} 21. Ne5 $1 {[%mdl 512]} Qe8 (21... fxe5 22. Qxe5) 22. Bb5 Qf8 {[#]} 23. Ng6 $1 {[%mdl 512] Precision: White = 74%, Black = 12%.} 1-0

[Event "1st Longtou Cup Belt and Road"]
[Site "Qinhuangdao"]
[Date "2018.05.28"]
[Round "3"]
[White "Antipov, Mikhail Al"]
[Black "Dai, Changren"]
[Result "1/2-1/2"]
[WhiteElo "2597"]
[BlackElo "2436"]
[Annotator "TA"]
[PlyCount "61"]
[EventDate "2018.??.??"]
[EventCountry "CHN"]
[SourceTitle "playchess.com"]
[Source "ChessBase"]
[SourceQuality "1"]

{[%evp 15,61,-4,1,-8,-8,-8,0,0,0,0,-4,-14,-5,-39,-46,-31,-39,-36,-34,-31,-18,-31,-31,-37,-31,-37,0,0,0,-17,0,0,0,0,0,0,0,0,0,-23,101,0,0,0,0,0,0,0]} 1. d4 d5 2. Bf4 Nf6 3. e3 e6 4. Nd2 c5 5. c3 Nc6 6. Ngf3 Bd6 7. Bg3 O-O 8. Bb5 {D02: 1 d4 d5 2 Nf3 sidelines, including 2...Nf6 3 g3 and 2...Nf6 3 Bf4} h6 {LiveBook: 7 Games} (8... Be7 9. Bd3 b6 10. O-O Bb7 11. h3 Bd6 12. Bh4 Be7 13. Qb1 h6 14. a3 Nh5 15. Bxe7 Qxe7 {½-½ (64) Carlsen,M (2837)-Wang,H (2709) Riadh 2017}) 9. Qe2 $146 ({Predecessor:} 9. O-O Bxg3 10. hxg3 Qb6 11. a4 Ne7 12. Qb3 c4 13. Qb4 Qc7 14. a5 Rb8 15. b3 Nc6 {1-0 (39) Li,C (2720)-Dai,C (2423) Beijing 2017}) 9... Bxg3 10. hxg3 Qb6 11. Rb1 Bd7 {Threatening ...Nxd4.} 12. Bd3 Ng4 13. Nh4 f5 14. f3 Nf6 15. Ng6 Rfe8 16. f4 {[%cal Bf3f4,Bf4e5][%mdl 32]} Kf7 17. Ne5+ Nxe5 18. fxe5 Ng4 $1 19. Nf3 Qd8 20. Nh2 Nxh2 21. Rxh2 Qg5 22. Kf2 Kg8 23. Rh5 Qg6 24. dxc5 Rec8 25. Rbh1 Rxc5 26. R1h4 Rf8 27. g4 fxg4+ {[#]} (27... Qe8 $11 {keeps the balance.}) 28. Kg1 {[#]} (28. Ke1 $1 $16 Qf7 29. Rxg4) 28... Bb5 $1 $11 {[%cal Rb5d3][%mdl 512] The position is equal.} 29. Bxb5 (29. Bxg6 $2 {is the wrong capture.} Bxe2 30. g3 Rb5 $19) 29... Rxb5 30. Rxh6 ({But not} 30. Qxb5 g3 $17) 30... Qb1+ ({Of course not} 30... gxh6 $6 31. Rxg4 Qxg4 32. Qxg4+ Kh7 33. Qxe6 $16) 31. Kh2 {Precision: White = 75%, Black = 73%.} 1/2-1/2

[Event "1st Longtou Cup Belt and Road"]
[Site "Qinhuangdao"]
[Date "2018.05.28"]
[Round "3"]
[White "Idani, Pouya"]
[Black "Chen, Fan"]
[Result "1-0"]
[WhiteElo "2572"]
[BlackElo "2398"]
[Annotator "TA"]
[PlyCount "165"]
[EventDate "2018.??.??"]
[EventCountry "CHN"]
[SourceTitle "playchess.com"]
[Source "ChessBase"]
[SourceQuality "1"]

{[%evp 21,165,28,22,30,39,46,75,69,58,53,66,64,54,53,60,53,64,63,75,131,91,58,45,45,128,15,27,0,16,15,16,0,0,0,19,19,14,18,90,93,83,74,80,87,189,0,0,0,0,0,0,0,0,0,0,0,58,38,85,0,0,0,0,0,0,8,16,0,33,0,0,0,107,41,33,43,41,39,45,54,50,19,16,0,29,34,27,14,14,14,14,9,77,0,0,0,55,19,75,54,138,126,106,81,162,129,215,207,184,141,133,66,100,39,47,51,41,49,77,0,0,0,8,0,0,0,0,0,26,19,19,27,643,637,632,633,611,611,587,570,4710,0,0,0,1762,1050]} 1. d4 d5 2. c4 c6 3. Nf3 Nf6 4. Nc3 a6 5. c5 Nbd7 6. Bf4 Nh5 7. Bd2 Nhf6 {D15: Damengambit (Slawische Verteidigung)} 8. Qc2 g6 9. g3 Bg7 10. Bg2 O-O 11. O-O Re8 {LiveBook: 32 Partien} 12. Rad1 a5 13. Rfe1 $146 ({Vorgänger:} 13. h3 b6 14. cxb6 Qxb6 15. Rc1 {1-0 (40) Potkin,V (2593)-Kobalia,M (2639) Sochi 2007}) 13... h6 14. Qc1 Kh7 15. e4 Nxe4 16. Nxe4 dxe4 17. Rxe4 Nf6 18. Rh4 {[%cal Rd2h6]} h5 $1 19. Re1 Nd5 20. Ne5 Kg8 21. Bh6 {Schwarz muss nun Lxg7 beachten.} Bf6 22. Bg5 Kg7 (22... Bf5 $14) 23. Be4 (23. g4 $1 $16) 23... Rh8 $1 $11 24. a3 a4 25. Bb1 Qa5 {Droht stark ...Lxg5.} 26. Rf1 Qc7 27. Re1 Qa5 28. Bxf6+ exf6 29. Nc4 Qc7 (29... Qd8 $1 $11) 30. Nd6 $16 Bg4 31. h3 $1 {[%cal Rh3g4]} Be6 32. Rhe4 $1 Bxh3 {[#]} (32... Qd7 $16) 33. Ne8+ $2 {[#]} ({Nicht} 33. Re8 Qd7 $15) (33. Ba2 $1 $18 {[%cal Ra2d5]} Bf5 34. Bxd5 Bxe4 35. Bxe4) 33... Raxe8 $1 {[%mdl 512]} 34. Rxe8 Rxe8 35. Rxe8 h4 36. Qe1 hxg3 37. fxg3 Qd7 38. Re2 Bg4 (38... Nc7 $11) 39. Rf2 Nc7 40. Qe3 ({Günstiger ist} 40. Qe4 $16) 40... Ne6 $11 41. Be4 Bd1 42. Bg2 (42. Kf1 {feels hotter.} Bb3 43. Rh2 Ng5 44. Rh4 Bc4+ 45. Ke1) 42... Bb3 43. Bh3 f5 44. Rd2 Bd5 (44... f6 {is more complex.} 45. Kf2 Bd5 46. Ke1 Be4 47. Bf1 Qd5) 45. Bg2 Bxg2 46. Kxg2 {[%mdl 4096] Endspiel KDT-KDS} Qc7 (46... f6 $11) 47. Kg1 (47. Kf1 $16) 47... Kg8 $14 48. d5 cxd5 $1 49. Rxd5 Qc6 50. Rd6 Qb5 51. Rb6 Qd7 $1 52. Kf2 Qd5 53. Rd6 Qh1 54. Rd2 Qh2+ 55. Ke1 Qh1+ 56. Ke2 Qg2+ (56... g5 $11 {bleibt in der Remisbreite.}) 57. Ke1 (57. Kd1 $5 {[%cal Rd2g2]} Qh3 58. Rd3 $14) 57... Qh1+ 58. Ke2 Qg2+ 59. Kd3 Qd5+ (59... Qh3 $1 $11 {hält das Gleichgewicht.}) 60. Kc2 $16 Qc6 (60... Qc4+ $14 61. Kb1 Qf1+ 62. Ka2 Qc4+ 63. Kb1 Qf1+ 64. Ka2 Qc4+ 65. b3 axb3+ 66. Qxb3 Qe4) 61. Rd6 Qb5 62. Qc3 g5 {[#]} (62... Qf1 $16) 63. Kb1 $1 $18 f4 (63... g4 $16 {war nötig.} 64. c6 bxc6) 64. gxf4 gxf4 65. Rd3 Kf8 66. Kc1 ({Besser ist} 66. Rd2 $16) 66... Ke7 $14 67. Kd2 (67. Rd5 $16) 67... Qc6 $1 68. Qe5 {Droht Dd6+ und aus.} Qg2+ $1 69. Kc3 Qf1 $1 70. Qd6+ (70. Kc2 $16) 70... Kf6 $11 71. Kb4 Qe2 72. Rd2 Qe4+ 73. Ka5 f3 74. Kb6 Qe3 {Und weiter mit ...f2 wäre nett.} 75. Rd3 $36 {[%mdl 2048] Weiss hat gut koordiniertes Spiel.} (75. Kxb7 $2 f2 $19) 75... Qe2 {zielt auf ...f2 ab.} 76. Qd5 Kg7 $2 {[%mdl 8192]} (76... Qxb2+ 77. Ka7 $16) (76... Ng5 $11 77. Rd2 (77. Kxb7 f2 $15) 77... Qe3) 77. Qxf3 $18 Qxb2+ 78. Ka7 Qb5 79. Qg3+ Kf8 80. Qd6+ Ke8 81. Qb8+ $2 (81. Re3 $18 Qc6 82. Qxc6+ bxc6 83. Kb6) 81... Ke7 $11 {[%csl Gb7][%cal Rb5a6]} 82. Qd6+ $2 {[%mdl 8192]} (82. Qg3 $11 Qxc5+ 83. Kb8) 82... Ke8 $18 83. Rd5 {Precision: Weiß = 54%, Schwarz = 51%.} 1-0

[Event "1st Longtou Cup Belt and Road"]
[Site "Qinhuangdao"]
[Date "2018.05.28"]
[Round "3"]
[White "Xu, Yinglun"]
[Black "Zhang, Ziji"]
[Result "1/2-1/2"]
[WhiteElo "2539"]
[BlackElo "2361"]
[Annotator "TA"]
[PlyCount "108"]
[EventDate "2018.??.??"]
[EventCountry "CHN"]
[SourceTitle "playchess.com"]
[Source "ChessBase"]
[SourceQuality "1"]

{[%evp 14,108,12,11,17,14,16,22,24,16,19,27,27,8,18,12,18,17,24,0,0,0,0,0,0,0,18,0,27,0,0,0,0,0,0,0,12,15,36,23,14,16,36,16,33,9,18,0,0,0,0,-19,0,0,2,2,13,11,12,0,0,0,0,0,14,14,14,7,14,0,0,0,0,0,0,0,0,0,0,0,0,0,0,0,0,0,0,0,34,0,0,0,0,0,0,0,40]} 1. c4 e6 2. Nf3 Nf6 3. d4 d5 4. Nc3 Be7 5. Bg5 h6 6. Bh4 O-O 7. e3 Nbd7 8. Rc1 c5 {D63: Queen's Gambit Declined: Classical: 7 Rc1} 9. dxc5 (9. cxd5 Nxd5 10. Bxe7 Nxe7 11. Be2 {½-½ (11) Bu,X (2730)-Anand,V (2782) Riadh 2017}) 9... dxc4 10. c6 bxc6 11. Bxc4 Bb7 12. O-O c5 13. Bb5 $146 ({Predecessor:} 13. Be2 Nd5 14. Bg3 N7f6 15. Ne5 Nxc3 16. Rxc3 Qxd1 17. Rxd1 {½-½ (78) Stupak,K (2573)-Harika,D (2526) Abu Dhabi 2017}) 13... Rc8 {[%cal Ba8c8,Bc8c7,Bc7b7,Bb7b5][%mdl 32]} 14. Qe2 Nd5 {[#] Hoping for ...Nxc3.} 15. Bxe7 Qxe7 16. Ba6 Bxa6 17. Qxa6 Nb4 18. Qa3 Rc7 19. Rfd1 Rb8 20. Qa5 Rcb7 21. a3 Nc6 $1 {[%cal Rc6a5]} 22. Qa4 Nce5 23. Nxe5 Nxe5 24. Qe4 Nd7 25. Na4 Rb5 26. Rc2 Nb6 27. Nc3 Rb3 28. Rcd2 Qf6 29. h3 Qf5 30. Qxf5 (30. Qh4 {keeps more tension.} Kh7 31. Ne4 g5 32. Qh5 Nc4 33. g4) 30... exf5 31. Rd8+ Rxd8 32. Rxd8+ $11 {[%mdl 4096] Endgame KRN-KRN} Kh7 33. Nd1 Kg6 34. Rd6+ f6 35. Kf1 Nc4 36. Rd5 (36. Ra6 {is more complex.} Rd3 37. Ke1 Rd7 38. b3 Nd2 39. b4) 36... Nxb2 37. Nxb2 Rxb2 38. Rxc5 {KR-KR} Rb6 39. Ra5 a6 40. g3 h5 41. h4 Rb1+ 42. Ke2 Rb2+ 43. Kf3 Rb6 44. a4 Rc6 45. Ke2 Rd6 46. f4 Rb6 47. Kf3 Rc6 48. Rd5 Rc4 49. Ra5 Rc6 50. Ke2 Rb6 51. Kd3 Rd6+ {The position is equal.} 52. Kc3 Re6 53. Kd4 Re4+ 54. Kd3 Re6 {Precision: White = 59%, Black = 69%.} 1/2-1/2

[Event "1st Longtou Cup Belt and Road"]
[Site "Qinhuangdao"]
[Date "2018.05.28"]
[Round "3"]
[White "Mosadeghpour, Masoud"]
[Black "Nie, Xinyang"]
[Result "1/2-1/2"]
[WhiteElo "2535"]
[BlackElo "2364"]
[Annotator "TA RC"]
[PlyCount "112"]
[EventDate "2018.??.??"]
[EventCountry "CHN"]
[SourceTitle "playchess.com"]
[Source "ChessBase"]
[SourceQuality "1"]

{[%evp 13,112,21,27,9,5,0,17,22,12,17,32,21,18,18,18,8,10,7,3,4,6,6,6,6,5,4,13,0,45,10,9,4,12,20,49,27,20,-10,-12,-18,-16,-27,-23,-25,0,0,19,-31,-28,-89,-80,-90,-86,-97,54,58,141,143,146,138,150,151,151,157,157,90,141,77,68,91,74,35,47,10,13,0,0,0,0,0,0,0,0,0,0,0,0,0,0,0,0,0,0,0,0,-52,0,0,0,0,0]} 1. e4 e5 2. Nf3 Nc6 3. Nc3 Nf6 4. h3 d5 (4... Bb4 5. Bd3 Bxc3 6. dxc3 d6 7. O-O h6 8. Re1 g5 9. Nh2 Ne7 10. Bb5+ Kf8 11. a4 a5 12. Bf1 {½-½ (59) Yu,Y (2760)-Vidit,S (2707) Liaocheng 2018}) 5. exd5 Nxd5 6. Bb5 {C47: Scotch Four Knights and Four Knights with 4 g3} Nxc3 7. bxc3 Bd6 {LiveBook: 4 Games} 8. d4 {White has an edge.} exd4 9. cxd4 Bb4+ $146 ({Predecessor:} 9... O-O 10. O-O Bf5 11. Bd3 Bg6 12. c4 {½-½ (20) Granara Barreto,S (2164)-Carvalho,G (2179) Montevideo 2017}) 10. Bd2 Qe7+ 11. Be2 Bxd2+ 12. Qxd2 O-O 13. O-O Bf5 14. Rab1 Be4 15. Rfe1 Qf6 16. Rbd1 Rad8 17. c3 h6 18. Nh2 Rfe8 19. Ng4 Qg6 20. Qf4 Ne7 21. Bf1 ({Reject} 21. Qxc7 h5 $15) 21... Nd5 22. Qc1 f6 23. c4 h5 24. Nh2 Nb4 {Threatens to win with ...Nd3.} 25. Qc3 Nc2 26. Re2 {[#]} c5 $1 {[%mdl 512]} 27. d5 (27. dxc5 Rxd1) 27... Nd4 $36 {[%mdl 2048] Black has some pressure.} 28. Re3 Nf5 29. Ree1 Nd6 30. f3 Bf5 31. Qa3 (31. Qa5 $11) 31... Rxe1 $17 32. Rxe1 Qg3 33. Re7 Ne4 $2 (33... Rc8 $1 $17 34. Bd3 Qf4 35. Bxf5 Qd4+ 36. Qe3 Nxf5 37. Qxd4 cxd4 38. Rxb7 Rxc4) 34. Qe3 $14 Ng5 {[#]} (34... Nd6 $14) 35. Kh1 $1 $16 b6 36. Re8+ ({Of course not} 36. Rxa7 $6 Ne4 $11) 36... Rxe8 37. Qxe8+ Kh7 38. Qxh5+ Kg8 39. Qe8+ Kh7 {[#]} 40. Qe3 (40. Qe7 $142 $1) 40... Ne4 41. Ng4 Nd6 42. Nf2 Bg6 43. Bd3 (43. Kg1 {with more complications.} Nf5 44. Qd2 Nd6 45. Ng4 Kg8 46. Qe3) 43... Bxd3 44. Qxd3+ f5 $1 45. Nd1 Qf4 46. Ne3 Qd4 47. Qe2 Qe5 48. Qf2 Kg8 49. g3 f4 50. gxf4 Qxf4 {White must now prevent ...Ne4!} 51. Qe2 Qe5 52. Qf2 Qf4 53. Qe2 Qe5 {And now ...Nf5 would win.} 54. Qd3 (54. Qf2 $11) 54... Qg3 ({Better is} 54... Qa1+ $15 55. Kg2 Qxa2+ 56. Kg3 Qa1) 55. Qf1 $11 Qf4 56. Qe2 Qe5 {Precision: White = 48%, Black = 52%.} 1/2-1/2

[Event "1st Longtou Cup Belt and Road"]
[Site "Qinhuangdao"]
[Date "2018.05.28"]
[Round "3"]
[White "Mohr, Georg"]
[Black "Wu, huanghui"]
[Result "1-0"]
[WhiteElo "2469"]
[BlackElo "1930"]
[Annotator "TA"]
[PlyCount "39"]
[EventDate "2018.??.??"]
[EventCountry "CHN"]
[SourceTitle "playchess.com"]
[Source "ChessBase"]
[SourceQuality "1"]

{[%evp 12,39,42,31,90,74,108,92,368,372,361,367,377,376,342,336,332,334,333,333,340,332,386,355,522,516,599,584,663,493]} 1. e4 e5 2. Nc3 Bc5 3. Nf3 Nc6 4. Nxe5 Nxe5 5. d4 Bd6 6. dxe5 Bxe5 7. Bd3 Ne7 {C46: 3 Nc3: Unusual Black 3rd moves} (7... Nf6 $14) (7... d6 8. Bd2 Ne7 9. f4 Bd4 10. Qf3 Nc6 11. O-O-O Nb4 12. Bc4 O-O 13. Kb1 a5 14. Bc1 Bxc3 15. Qxc3 {½-½ (43) Fressinet,L (2702)-Bacrot,E (2705) Villandry 2012}) 8. Bd2 $16 d5 $146 ({Predecessor:} 8... c6 9. Qh5 Ng6 10. g3 d6 11. f4 Bd4 12. O-O-O Qb6 13. Na4 Qc7 14. Bc3 Bxc3 15. Nxc3 {1-0 (39) Mastrovasilis,D (2595)-Drazic,S (2473) Kragujevac 2013}) 9. Qh5 dxe4 $2 {[%mdl 8192]} (9... Qd6 $16) 10. Bb5+ $18 ({Inferior is} 10. Qxe5 exd3 11. Qxg7 Rg8 $11) 10... c6 {[#] Threatens to win with ...Bxc3.} 11. Qxe5 f6 12. Qh5+ g6 13. Qh4 cxb5 14. Qxf6 ({Weaker is} 14. Nxe4 Nf5 $18) 14... Rf8 15. Qe5 Rf5 16. Qh8+ ({Don't do} 16. Qxe4 $6 b4 $18) 16... Kd7 17. Qxh7 Kc6 (17... Rh5 {was necessary.} 18. Qf7 Qg8 19. Qxg8 Nxg8) 18. O-O-O {White is clearly winning.} Qf8 {[#] aiming for ...Rh5.} 19. Qh4 Be6 20. Qxe4+ {Precision: White = 96%, Black = 18%.} 1-0

[Event "1st Longtou Cup Belt and Road"]
[Site "Qinhuangdao"]
[Date "2018.05.28"]
[Round "3"]
[White "Li, Di"]
[Black "Gordievsky, Dmitry"]
[Result "1/2-1/2"]
[WhiteElo "2452"]
[BlackElo "2653"]
[Annotator "TA"]
[PlyCount "157"]
[EventDate "2018.??.??"]
[EventCountry "CHN"]
[SourceTitle "playchess.com"]
[Source "ChessBase"]
[SourceQuality "1"]

{[%evp 16,157,39,23,33,29,32,22,36,41,57,39,57,34,46,13,22,14,79,79,70,48,48,54,74,75,87,70,82,80,92,71,139,111,123,80,124,105,119,117,97,110,182,90,108,100,110,103,101,89,100,68,94,103,116,82,97,89,88,84,144,62,62,64,80,8,15,0,50,8,30,0,0,0,13,23,20,0,0,0,0,0,0,0,0,0,0,0,0,0,0,0,4,4,4,5,8,8,8,8,8,0,0,0,0,0,0,0,13,8,186,182,220,220,213,207,277,272,250,264,265,260,364,327,1160,1203,1086,1002,1086,59,59,8,8,8,8,0,0,0,0,0,0,0,0,-8]} 1. Nf3 Nf6 2. c4 b6 3. d4 Bb7 4. Nc3 e6 5. a3 g6 6. Qc2 Bxf3 7. exf3 Bg7 {E12: Queen's Indian: Unusual White 4th moves, 4 a3, 4 Nc3 Bb7 5 a3 and 4 Nc3 Bb7} (7... Nc6 8. Be3 Bg7 9. O-O-O O-O 10. g4 d5 11. Kb1 Na5 12. cxd5 Nxd5 13. h4 Nxc3+ 14. Qxc3 c5 15. Qd3 cxd4 16. Bxd4 Bxd4 17. Qxd4 Qxd4 18. Rxd4 {0-1 (39) Grachev,B (2693)-Shirov,A (2709) Jurmala 2013}) 8. d5 O-O 9. Be2 {LiveBook: 3 Games} c6 {[%cal Re6d5] White has an edge.} 10. dxe6 $146 ({Predecessor:} 10. Bg5 h6 11. Bh4 cxd5 12. cxd5 g5 13. Bg3 Nxd5 14. Nxd5 exd5 15. h4 {0-1 (28) Meier,V (2249)-Romanishin,O (2503) Bad Woerishofen 2013}) 10... fxe6 11. f4 d5 12. O-O Qe7 13. Bf3 Nbd7 14. Re1 Qf7 15. Bd2 Rac8 16. Rad1 b5 (16... d4 $11 {remains equal.}) 17. cxb5 cxb5 18. Qd3 a6 19. Be3 Kh8 20. Bd4 Nb8 21. Ne2 Nc6 22. Bc3 Nd7 23. Rc1 Rfd8 (23... g5 $142) 24. Bxg7+ Qxg7 25. Rc3 Nf8 26. Rec1 Ne7 27. g3 Rxc3 28. Rxc3 Rc8 (28... Rd6 $16 {is a better defense.}) 29. a4 (29. Qe3 $1 $18 {and White stays clearly on top.}) 29... Rc4 $16 30. axb5 axb5 31. b3 Rxc3 32. Nxc3 b4 33. Ne2 Nc6 34. h4 Qa7 35. Kg2 Qc5 36. h5 Kg7 37. Qa6 Na5 (37... Nd7 $142) 38. hxg6 ({White should play} 38. Nd4 $16 Kf7 39. Be2) 38... hxg6 $14 39. Qd3 Nc6 40. Qd1 (40. Ng1 $16) 40... Kf7 $11 41. Qa1 Ke8 42. Qa8+ Ke7 $1 43. Qb7+ Nd7 44. Qa6 Kd6 45. Qd3 Nf8 46. Qa6 Qa7 47. Qc8 Qb8 48. Qa6 {And now Nd4 would win.} Qa7 49. Qc8 Qf7 50. Nc1 {Threatens to win with Be2.} Nd7 51. Be2 {With the idea Bb5.} (51. Bg4 {is more complex.} Qf8 52. Qxf8+ Nxf8 53. Kf1 Nd7 54. Be2) 51... Qf8 $1 {[%cal Rf8c8]} 52. Qxf8+ (52. Qa6 {feels hotter.} Nc5 53. Qb6 Qd8 54. Qxd8+ Nxd8 55. Kf3) 52... Nxf8 {[%mdl 4096] Endgame KBN-KNN} 53. Kh3 Nd4 54. Bd1 Ke7 55. Nd3 Nc6 56. Kg4 Kf6 57. Nc5 e5 58. fxe5+ Kxe5 59. Kg5 Kd4 60. Na6 Kc3 61. Bf3 Kd4 62. Nc7 Ke5 $2 (62... Nh7+ $11 63. Kh6 (63. Kxg6 Ne5+ 64. Kxh7 Nxf3 $14) 63... Nf6) 63. Bxd5 $18 ({Resist} 63. Nxd5 $6 Ne6+ 64. Kxg6 Ned4 $16) 63... Nd4 64. Bg8 Nf3+ {[#]} 65. Kh6 $1 g5 66. Nd5 Nd7 67. Nxb4 Nf6 68. Bc4 Ne4 69. Bd5 Nd4 $2 (69... Nfd2 70. Bxe4 Nxe4) 70. Bxe4 $1 Kxe4 71. Kxg5 {KN-KN} Kf3 {[#]} 72. Nd3 $2 ({Only move:} 72. g4 $1 $18 {Hoping for Nd3.} Nxb3 73. Kf5 Nd4+ 74. Ke5) 72... Nxb3 $14 73. Kf5 (73. g4 $14 Nd4 74. Ne5+ Kxf2 75. Kf6) 73... Nd4+ $1 $11 {The position is equal.} 74. Ke5 Ne2 75. Ne1+ Kxf2 76. g4 Kxe1 77. g5 {Strongly threatening g6.} Ng3 78. g6 Nh5 79. Kd4 {Precision: White = 53%, Black = 48%.} 1/2-1/2